Nanotechnology in the food, beverage and nutraceutical industries

Guardat en:
Dades bibliogràfiques
Autor principal:  Nanotechnology in the food, beverage and nutraceutical industries
Format: Sách
Idioma:Undetermined
Publicat:  Woodhead Publishing Ltd  2012
Matèries:
Etiquetes: Afegir etiqueta
Sense etiquetes, Sigues el primer a etiquetar aquest registre!
Thư viện lưu trữ: Trung tâm Thư viện - Trường Đại học Công nghiệp TP. Hồ Chí Minh
LEADER 00511nam a2200145Ia 4500
001 UIH_08363
008 241002s9999 xx 000 0 und d
082 |a  664 
100 |a  Nanotechnology in the food, beverage and nutraceutical industries 
245 0 |a  Nanotechnology in the food, beverage and nutraceutical industries 
260 |b  Woodhead Publishing Ltd 
260 |c  2012 
650 |a Food 
927 |a Sách 
980 |a Trung tâm Thư viện - Trường Đại học Công nghiệp TP. Hồ Chí Minh